[Event "45th FIDE Chess Olympiad Open"]
[Site "Budapest, Hungary"]
[Date "2024.09.21"]
[Round "10"]
[White "Azhar, Muhd Syakir Shazmeer"]
[Black "Bullen, Alex"]
[Result "1/2-1/2"]
[Board "172"]
[WhiteFideId "5702577"]
[BlackFideId "1801627"]
[BlackTitle "CM"]
[WhiteElo "2086"]
[BlackElo "2155"]
[WhiteTeam "Malaysia"]
[BlackTeam "Wales"]
[WhiteClock "0:03:38"]
[BlackClock "0:00:50"]
[Variant "Standard"]

1. e4 {[%clk 1:30:59]}  c6 {[%clk 1:30:54]} 2. d4 {[%clk 1:31:22]}  d5 {[%clk 1:31:19]} 3. e5 {[%clk 1:31:49]}  c5 {[%clk 1:31:38]} 4. dxc5 {[%clk 1:32:11]}  e6 {[%clk 1:31:58]} 5. a3 {[%clk 1:32:30]}  Bxc5 {[%clk 1:32:18]} 6. Nf3 {[%clk 1:32:43]}  Nd7 {[%clk 1:26:24]} 7. Bd3 {[%clk 1:29:21]}  Qc7 {[%clk 1:16:30]} 8. Qe2 {[%clk 1:27:58]}  Ne7 {[%clk 1:13:52]} 9. O-O {[%clk 1:27:46]}  Nc6 {[%clk 1:13:03]} 10. Bb5 {[%clk 1:10:43]}  Nd4 {[%clk 1:09:37]} 11. Nxd4 {[%clk 1:08:58]}  Bxd4 {[%clk 1:09:59]} 12. Re1 {[%clk 1:08:38]}  O-O {[%clk 1:06:33]} 13. Bxd7 {[%clk 1:08:25]}  Bxd7 {[%clk 1:06:39]} 14. c3 {[%clk 1:08:30]}  Bc5 {[%clk 1:02:50]} 15. Be3 {[%clk 0:55:53]}  Rac8 {[%clk 0:49:33]} 16. Nd2 {[%clk 0:45:41]}  Qxe5 {[%clk 0:43:57]} 17. Qg4 {[%clk 0:40:29]}  f5 {[%clk 0:40:14]} 18. Bxc5 {[%clk 0:38:24]}  Qxe1+ {[%clk 0:37:40]} 19. Rxe1 {[%clk 0:38:38]}  fxg4 {[%clk 0:38:05]} 20. Bxa7 {[%clk 0:36:44]}  Rf5 {[%clk 0:35:05]} 21. Be3 {[%clk 0:35:54]}  e5 {[%clk 0:33:26]} 22. f3 {[%clk 0:29:59]}  gxf3 {[%clk 0:33:17]} 23. Nxf3 {[%clk 0:30:18]}  Re8 {[%clk 0:32:20]} 24. Bf2 {[%clk 0:29:44]}  Bc6 {[%clk 0:27:35]} 25. Bg3 {[%clk 0:24:27]}  d4 {[%clk 0:26:16]} 26. Nxe5 {[%clk 0:16:16]}  dxc3 {[%clk 0:26:29]} 27. bxc3 {[%clk 0:16:37]}  Ra8 {[%clk 0:26:14]} 28. Ra1 {[%clk 0:11:53]}  Ra5 {[%clk 0:24:38]} 29. Nxc6 {[%clk 0:11:01]}  bxc6 {[%clk 0:25:04]} 30. a4 {[%clk 0:11:22]}  Rf7 {[%clk 0:21:57]} 31. Bf2 {[%clk 0:09:10]}  Rf4 {[%clk 0:20:28]} 32. Bd4 {[%clk 0:08:27]}  c5 {[%clk 0:20:39]} 33. Be3 {[%clk 0:08:50]}  Rc4 {[%clk 0:20:51]} 34. Kf1 {[%clk 0:07:58]}  Kf7 {[%clk 0:20:08]} 35. Ke2 {[%clk 0:08:19]}  Ke6 {[%clk 0:18:54]} 36. Kd3 {[%clk 0:08:45]}  Kd5 {[%clk 0:16:37]} 37. Rf1 {[%clk 0:06:01]}  Rcxa4 {[%clk 0:16:36]} 38. Rf5+ {[%clk 0:06:21]}  Kd6 {[%clk 0:16:36]} 39. Rf7 {[%clk 0:06:11]}  Rg4 {[%clk 0:14:57]} 40. g3 {[%clk 0:05:02]}  c4+ {[%clk 0:13:22]} 41. Ke2 {[%clk 0:05:15]}  Re4 {[%clk 0:09:02]} 42. Kf3 {[%clk 0:04:39]}  Re7 {[%clk 0:09:11]} 43. Rf4 {[%clk 0:03:09]}  Ra4 {[%clk 0:08:24]} 44. h4 {[%clk 0:02:30]}  Kd7 {[%clk 0:05:58]} 45. Bc5 {[%clk 0:01:54]}  Re5 {[%clk 0:25:59]} 46. Bd4 {[%clk 0:31:38]}  Re1 {[%clk 0:25:05]} 47. Kg4 {[%clk 0:23:36]}  Ra6 {[%clk 0:24:19]} 48. h5 {[%clk 0:21:43]}  g6 {[%clk 0:23:23]} 49. h6 {[%clk 0:19:44]}  Rae6 {[%clk 0:20:43]} 50. Kg5 {[%clk 0:16:58]}  Rh1 {[%clk 0:16:46]} 51. g4 {[%clk 0:17:20]}  Ra1 {[%clk 0:16:55]} 52. Rf7+ {[%clk 0:16:59]}  Re7 {[%clk 0:16:35]} 53. Rf8 {[%clk 0:09:12]}  Ke6 {[%clk 0:14:46]} 54. Rc8 {[%clk 0:08:26]}  Ra5+ {[%clk 0:14:28]} 55. Kh4 {[%clk 0:08:52]}  Kd5 {[%clk 0:14:18]} 56. Bg7 {[%clk 0:07:38]}  Raa7 {[%clk 0:13:46]} 57. Bf6 {[%clk 0:07:35]}  Rec7 {[%clk 0:13:46]} 58. Rd8+ {[%clk 0:07:09]}  Ke4 {[%clk 0:14:06]} 59. Rd4+ {[%clk 0:06:58]}  Kf3 {[%clk 0:14:11]} 60. Bg7 {[%clk 0:06:09]}  Rc5 {[%clk 0:13:26]} 61. Rd1 {[%clk 0:04:06]}  Ra2 {[%clk 0:11:26]} 62. Rf1+ {[%clk 0:02:55]}  Kg2 {[%clk 0:11:37]} 63. Rd1 {[%clk 0:03:16]}  Re2 {[%clk 0:11:30]} 64. Bd4 {[%clk 0:03:17]}  Rb5 {[%clk 0:09:02]} 65. Rg1+ {[%clk 0:03:23]}  Kh2 {[%clk 0:09:11]} 66. Rf1 {[%clk 0:03:08]}  Rg2 {[%clk 0:09:12]} 67. Be3 {[%clk 0:02:13]}  Re2 {[%clk 0:08:29]} 68. Bd4 {[%clk 0:02:40]}  Rd5 {[%clk 0:07:32]} 69. Rf3 {[%clk 0:02:22]}  g5+ {[%clk 0:02:06]} 70. Kh5 {[%clk 0:02:47]}  Re6 {[%clk 0:01:36]} 71. Rf5 {[%clk 0:01:39]}  Rd7 {[%clk 0:00:53]} 72. Rxg5 {[%clk 0:01:22]}  Kh3 {[%clk 0:01:09]} 73. Rf5 {[%clk 0:01:08]}  Rdd6 {[%clk 0:01:01]} 74. g5 {[%clk 0:01:02]}  Re4 {[%clk 0:01:26]} 75. Rf3+ {[%clk 0:01:29]}  Kg2 {[%clk 0:01:44]} 76. Rf6 {[%clk 0:00:45]}  Kh3 {[%clk 0:01:18]} 77. Rf3+ {[%clk 0:01:10]}  Kg2 {[%clk 0:01:44]} 78. Rf6 {[%clk 0:01:01]}  Rd7 {[%clk 0:00:39]} 79. Rf5 {[%clk 0:01:03]}  Kh3 {[%clk 0:00:47]} 80. Rf3+ {[%clk 0:01:27]}  Kg2 {[%clk 0:01:16]} 81. Rf5 {[%clk 0:01:54]}  Kh3 {[%clk 0:00:37]} 82. Rf3+ {[%clk 0:02:19]}  Kg2 {[%clk 0:01:02]} 83. Rf5 {[%clk 0:02:46]}  Kh3 {[%clk 0:00:40]} 84. Rf3+ {[%clk 0:03:13]}  Kg2 {[%clk 0:01:01]} 85. Rf5 {[%clk 0:03:38]}  Kh3 {[%clk 0:00:50]} 1/2-1/2

[Event "45th FIDE Chess Olympiad Open"]
[Site "Budapest, Hungary"]
[Date "2024.09.21"]
[Round "10"]
[White "Al-Ali, Hussein Ali Hussein"]
[Black "Arab, Adlane"]
[Result "0-1"]
[Board "173"]
[WhiteFideId "4800192"]
[BlackFideId "7900872"]
[WhiteTitle "IM"]
[BlackTitle "IM"]
[WhiteElo "2122"]
[BlackElo "2477"]
[WhiteTeam "Iraq"]
[BlackTeam "Algeria"]
[WhiteClock "0:19:58"]
[BlackClock "0:32:19"]
[Variant "Standard"]

1. e4 {[%clk 1:29:30]}  c5 {[%clk 1:30:47]} 2. Nf3 {[%clk 1:29:52]}  d6 {[%clk 1:31:07]} 3. c3 {[%clk 1:30:08]}  Nf6 {[%clk 1:31:25]} 4. Be2 {[%clk 1:30:33]}  Bg4 {[%clk 1:30:39]} 5. d3 {[%clk 1:29:27]}  e6 {[%clk 1:31:00]} 6. Nbd2 {[%clk 1:29:23]}  Nc6 {[%clk 1:30:58]} 7. O-O {[%clk 1:29:27]}  Be7 {[%clk 1:31:06]} 8. Re1 {[%clk 1:29:27]}  O-O {[%clk 1:28:25]} 9. h3 {[%clk 1:28:54]}  Bh5 {[%clk 1:28:37]} 10. Nf1 {[%clk 1:28:42]}  d5 {[%clk 1:26:59]} 11. exd5 {[%clk 1:28:20]}  Nxd5 {[%clk 1:27:00]} 12. Ng3 {[%clk 1:28:33]}  Bg6 {[%clk 1:26:45]} 13. Bf1 {[%clk 1:24:23]}  Qc7 {[%clk 1:25:45]} 14. h4 {[%clk 1:22:01]}  h6 {[%clk 1:26:06]} 15. h5 {[%clk 1:22:06]}  Bh7 {[%clk 1:26:29]} 16. Qa4 {[%clk 1:20:49]}  Rfd8 {[%clk 1:23:26]} 17. Ne4 {[%clk 1:19:00]}  a6 {[%clk 1:22:17]} 18. a3 {[%clk 1:15:30]}  b5 {[%clk 1:20:19]} 19. Qc2 {[%clk 1:14:05]}  Nf6 {[%clk 1:15:43]} 20. Nxf6+ {[%clk 1:06:29]}  Bxf6 {[%clk 1:16:07]} 21. c4 {[%clk 1:05:24]}  Nd4 {[%clk 1:02:32]} 22. Nxd4 {[%clk 1:04:12]}  Bxd4 {[%clk 1:02:55]} 23. Rb1 {[%clk 1:02:24]}  bxc4 {[%clk 0:59:48]} 24. Qxc4 {[%clk 1:02:41]}  Rd5 {[%clk 1:00:09]} 25. Be3 {[%clk 1:01:01]}  Rxh5 {[%clk 0:58:55]} 26. g3 {[%clk 1:01:25]}  Bxe3 {[%clk 0:50:28]} 27. Rxe3 {[%clk 1:01:49]}  Rd5 {[%clk 0:50:39]} 28. Rc1 {[%clk 1:00:55]}  Qd8 {[%clk 0:47:13]} 29. Bg2 {[%clk 1:00:16]}  Rd4 {[%clk 0:47:36]} 30. Qxc5 {[%clk 1:00:15]}  Rb8 {[%clk 0:47:59]} 31. Bf1 {[%clk 0:54:44]}  a5 {[%clk 0:44:49]} 32. Rc2 {[%clk 0:49:57]}  Bf5 {[%clk 0:44:16]} 33. Qc3 {[%clk 0:48:12]}  a4 {[%clk 0:43:40]} 34. Qc6 {[%clk 0:46:47]}  h5 {[%clk 0:42:33]} 35. Rc5 {[%clk 0:37:48]}  h4 {[%clk 0:40:15]} 36. gxh4 {[%clk 0:35:07]}  Rg4+ {[%clk 0:34:19]} 37. Rg3 {[%clk 0:26:51]}  Rxg3+ {[%clk 0:34:42]} 38. fxg3 {[%clk 0:27:14]}  Qd4+ {[%clk 0:35:09]} 39. Kh2 {[%clk 0:27:02]}  Qf2+ {[%clk 0:34:07]} 40. Bg2 {[%clk 0:27:21]}  Rxb2 {[%clk 0:34:06]} 41. Rc4 {[%clk 0:21:13]}  Rb1 {[%clk 0:30:59]} 42. Rc1 {[%clk 0:21:28]}  Rxc1 {[%clk 0:31:23]} 43. Qxc1 {[%clk 0:19:54]}  Bxd3 {[%clk 0:31:46]} 44. Qc6 {[%clk 0:19:54]}  Bf1 {[%clk 0:30:02]} 45. Qf3 {[%clk 0:20:15]}  Qxg2+ {[%clk 0:30:25]} 46. Qxg2 {[%clk 0:20:40]}  Bxg2 {[%clk 0:30:46]} 47. Kxg2 {[%clk 0:21:07]}  Kh7 {[%clk 0:30:59]} 48. Kf3 {[%clk 0:21:07]}  Kg6 {[%clk 0:31:13]} 49. Kf4 {[%clk 0:20:35]}  Kh5 {[%clk 0:31:35]} 50. Kf3 {[%clk 0:20:10]}  e5 {[%clk 0:31:58]} 51. Ke4 {[%clk 0:19:58]}  Kg4 {[%clk 0:32:19]} 0-1

[Event "45th FIDE Chess Olympiad Open"]
[Site "Budapest, Hungary"]
[Date "2024.09.21"]
[Round "10"]
[White "Djabri, Massinas"]
[Black "Zozek Salah Mohammed"]
[Result "1-0"]
[Board "174"]
[WhiteFideId "7905726"]
[BlackFideId "4803361"]
[WhiteTitle "FM"]
[BlackTitle "FM"]
[WhiteElo "2280"]
[BlackElo "2180"]
[WhiteTeam "Algeria"]
[BlackTeam "Iraq"]
[WhiteClock "0:40:49"]
[BlackClock "0:04:33"]
[Variant "Standard"]

1. d4 {[%clk 1:30:57]}  d5 {[%clk 1:29:46]} 2. c4 {[%clk 1:31:22]}  e6 {[%clk 1:30:13]} 3. Nc3 {[%clk 1:31:45]}  Nf6 {[%clk 1:30:42]} 4. Nf3 {[%clk 1:32:09]}  c5 {[%clk 1:29:39]} 5. cxd5 {[%clk 1:31:42]}  Nxd5 {[%clk 1:30:06]} 6. e4 {[%clk 1:31:35]}  Nxc3 {[%clk 1:30:31]} 7. bxc3 {[%clk 1:32:01]}  cxd4 {[%clk 1:30:58]} 8. cxd4 {[%clk 1:32:21]}  Bb4+ {[%clk 1:31:26]} 9. Bd2 {[%clk 1:32:42]}  Bxd2+ {[%clk 1:31:55]} 10. Qxd2 {[%clk 1:33:04]}  O-O {[%clk 1:32:16]} 11. Bc4 {[%clk 1:33:31]}  Nd7 {[%clk 1:32:37]} 12. O-O {[%clk 1:33:48]}  b6 {[%clk 1:32:48]} 13. Rfe1 {[%clk 1:34:12]}  Bb7 {[%clk 1:33:05]} 14. Rad1 {[%clk 1:34:34]}  Rc8 {[%clk 1:28:16]} 15. Bd3 {[%clk 1:32:50]}  Re8 {[%clk 1:25:04]} 16. Qf4 {[%clk 1:23:07]}  Nf8 {[%clk 1:15:46]} 17. h4 {[%clk 1:19:39]}  Ng6 {[%clk 1:07:46]} 18. Qg4 {[%clk 1:16:32]}  h6 {[%clk 1:03:31]} 19. d5 {[%clk 1:07:50]}  exd5 {[%clk 0:56:36]} 20. e5 {[%clk 1:08:05]}  Nf8 {[%clk 0:33:14]} 21. Nd4 {[%clk 1:06:20]}  Qd7 {[%clk 0:24:57]} 22. Nf5 {[%clk 0:59:13]}  g6 {[%clk 0:25:05]} 23. Nxh6+ {[%clk 0:56:04]}  Kg7 {[%clk 0:23:10]} 24. Qg5 {[%clk 0:50:10]}  Nh7 {[%clk 0:19:00]} 25. Qf4 {[%clk 0:49:55]}  Rc5 {[%clk 0:17:15]} 26. Ng4 {[%clk 0:48:47]}  Re6 {[%clk 0:15:01]} 27. Qh6+ {[%clk 0:39:56]}  Kg8 {[%clk 0:15:29]} 28. Bf5 {[%clk 0:40:15]}  gxf5 {[%clk 0:06:57]} 29. Nf6+ {[%clk 0:40:39]}  Rxf6 {[%clk 0:06:26]} 30. exf6 {[%clk 0:41:03]}  Nxf6 {[%clk 0:06:47]} 31. Qg5+ {[%clk 0:41:15]}  Kh7 {[%clk 0:06:46]} 32. Qxf6 {[%clk 0:41:38]}  Rc6 {[%clk 0:07:10]} 33. Qg5 {[%clk 0:40:33]}  Rg6 {[%clk 0:05:45]} 34. Re7 {[%clk 0:40:12]}  Qd6 {[%clk 0:04:16]} 35. Rxf7+ {[%clk 0:40:09]}  Kg8 {[%clk 0:04:45]} 36. Qxf5 {[%clk 0:40:26]}  Bc8 {[%clk 0:04:33]} 37. Rf8+ {[%clk 0:40:49]} 1-0

[Event "45th FIDE Chess Olympiad Open"]
[Site "Budapest, Hungary"]
[Date "2024.09.21"]
[Round "10"]
[White "Salih, Akar Ali Salih"]
[Black "Brahami, Lamine"]
[Result "1-0"]
[Board "175"]
[WhiteFideId "4800575"]
[BlackFideId "7905637"]
[WhiteTitle "FM"]
[BlackTitle "IM"]
[WhiteElo "2174"]
[BlackElo "2188"]
[WhiteTeam "Iraq"]
[BlackTeam "Algeria"]
[WhiteClock "0:01:14"]
[BlackClock "0:00:33"]
[Variant "Standard"]

1. e4 {[%clk 1:30:12]}  c5 {[%clk 1:30:38]} 2. Nc3 {[%clk 1:30:19]}  Nc6 {[%clk 1:30:17]} 3. f4 {[%clk 1:30:32]}  g6 {[%clk 1:28:02]} 4. Nf3 {[%clk 1:30:39]}  Bg7 {[%clk 1:28:17]} 5. a4 {[%clk 1:30:32]}  d6 {[%clk 1:27:42]} 6. Bb5 {[%clk 1:30:23]}  Bd7 {[%clk 1:20:43]} 7. d3 {[%clk 1:29:32]}  Nd4 {[%clk 1:14:38]} 8. Bc4 {[%clk 1:20:14]}  e6 {[%clk 1:13:30]} 9. Nxd4 {[%clk 1:14:31]}  cxd4 {[%clk 1:12:01]} 10. Ne2 {[%clk 1:13:28]}  Ne7 {[%clk 1:09:27]} 11. Bb3 {[%clk 1:10:17]}  O-O {[%clk 1:05:21]} 12. O-O {[%clk 1:10:18]}  f5 {[%clk 0:53:36]} 13. Kh1 {[%clk 0:59:09]}  Kh8 {[%clk 0:49:04]} 14. c3 {[%clk 0:54:41]}  Nc6 {[%clk 0:44:18]} 15. Bd2 {[%clk 0:43:25]}  Rc8 {[%clk 0:35:23]} 16. exf5 {[%clk 0:36:55]}  Rxf5 {[%clk 0:33:39]} 17. Ng3 {[%clk 0:33:45]}  Rf8 {[%clk 0:32:33]} 18. Ne4 {[%clk 0:33:30]}  Qe7 {[%clk 0:27:11]} 19. cxd4 {[%clk 0:25:23]}  Bxd4 {[%clk 0:21:49]} 20. Bc3 {[%clk 0:24:25]}  e5 {[%clk 0:20:01]} 21. Qd2 {[%clk 0:23:27]}  Rf5 {[%clk 0:16:04]} 22. fxe5 {[%clk 0:17:42]}  dxe5 {[%clk 0:14:10]} 23. Rxf5 {[%clk 0:13:33]}  gxf5 {[%clk 0:12:02]} 24. Ng5 {[%clk 0:13:41]}  Rf8 {[%clk 0:12:04]} 25. Re1 {[%clk 0:13:53]}  Bxc3 {[%clk 0:05:29]} 26. bxc3 {[%clk 0:13:56]}  Qg7 {[%clk 0:02:49]} 27. Ne6 {[%clk 0:09:35]}  Bxe6 {[%clk 0:02:50]} 28. Bxe6 {[%clk 0:10:03]}  Re8 {[%clk 0:01:35]} 29. Bxf5 {[%clk 0:09:37]}  Qf6 {[%clk 0:01:41]} 30. Be4 {[%clk 0:09:43]}  Rf8 {[%clk 0:01:58]} 31. Kg1 {[%clk 0:08:06]}  Qd6 {[%clk 0:00:42]} 32. Qe3 {[%clk 0:07:56]}  Re8 {[%clk 0:00:52]} 33. Rf1 {[%clk 0:07:27]}  Qe7 {[%clk 0:00:36]} 34. Qh6 {[%clk 0:04:57]}  Qg7 {[%clk 0:00:35]} 35. Qh5 {[%clk 0:02:58]}  Re7 {[%clk 0:00:32]} 36. Rf3 {[%clk 0:01:13]}  Nd8 {[%clk 0:00:35]} 37. Rg3 {[%clk 0:01:14]}  Qf6 {[%clk 0:00:34]} 38. Bxh7 {[%clk 0:01:07]}  Nf7 {[%clk 0:00:33]} 39. Rg8# {[%clk 0:01:14]} 1-0

[Event "45th FIDE Chess Olympiad Open"]
[Site "Budapest, Hungary"]
[Date "2024.09.21"]
[Round "10"]
[White "Boulrens, Ala Eddine"]
[Black "Alothman ,Ali Layth Ahmed"]
[Result "0-1"]
[Board "176"]
[WhiteFideId "7907559"]
[BlackFideId "4801920"]
[BlackTitle "FM"]
[WhiteElo "2137"]
[BlackElo "2161"]
[WhiteTeam "Algeria"]
[BlackTeam "Iraq"]
[WhiteClock "0:35:57"]
[BlackClock "0:08:06"]
[Variant "Standard"]

1. e4 {[%clk 1:30:55]}  e5 {[%clk 1:29:26]} 2. Nf3 {[%clk 1:30:54]}  Nc6 {[%clk 1:29:01]} 3. Bc4 {[%clk 1:31:01]}  Nf6 {[%clk 1:29:11]} 4. Qe2 {[%clk 1:29:21]}  Bc5 {[%clk 1:27:22]} 5. c3 {[%clk 1:29:33]}  d6 {[%clk 1:24:48]} 6. d3 {[%clk 1:28:13]}  a6 {[%clk 1:22:59]} 7. Bb3 {[%clk 1:28:05]}  Ba7 {[%clk 1:22:37]} 8. Nbd2 {[%clk 1:28:03]}  O-O {[%clk 1:22:47]} 9. Nf1 {[%clk 1:27:57]}  h6 {[%clk 1:16:29]} 10. Ng3 {[%clk 1:27:45]}  Re8 {[%clk 1:07:03]} 11. O-O {[%clk 1:27:41]}  Be6 {[%clk 1:01:48]} 12. Nh4 {[%clk 1:10:44]}  Bg4 {[%clk 0:52:49]} 13. Qe1 {[%clk 1:02:04]}  Na5 {[%clk 0:46:08]} 14. Bc2 {[%clk 0:59:30]}  Nc6 {[%clk 0:41:23]} 15. Kh1 {[%clk 0:52:33]}  Nh5 {[%clk 0:38:03]} 16. Ngf5 {[%clk 0:47:40]}  Ne7 {[%clk 0:33:59]} 17. Ne3 {[%clk 0:36:52]}  Be6 {[%clk 0:32:49]} 18. Qd1 {[%clk 0:35:27]}  Nf4 {[%clk 0:31:38]} 19. g3 {[%clk 0:31:09]}  Nfg6 {[%clk 0:29:42]} 20. Nhf5 {[%clk 0:28:07]}  d5 {[%clk 0:28:49]} 21. Qh5 {[%clk 0:25:59]}  Qd7 {[%clk 0:19:59]} 22. Nxe7+ {[%clk 0:19:17]}  Nxe7 {[%clk 0:17:50]} 23. Qe2 {[%clk 0:18:28]}  f5 {[%clk 0:15:07]} 24. Bd2 {[%clk 0:16:00]}  Rf8 {[%clk 0:09:07]} 25. Ng2 {[%clk 0:13:07]}  Ng6 {[%clk 0:06:53]} 26. f3 {[%clk 0:11:41]}  f4 {[%clk 0:05:17]} 27. gxf4 {[%clk 0:11:15]}  exf4 {[%clk 0:05:27]} 28. d4 {[%clk 0:10:37]}  dxe4 {[%clk 0:05:01]} 29. fxe4 {[%clk 0:09:12]}  Bg4 {[%clk 0:02:48]} 30. Qc4+ {[%clk 0:09:10]}  Kh8 {[%clk 0:02:39]} 31. Nxf4 {[%clk 0:09:24]}  Nxf4 {[%clk 0:02:09]} 32. Bxf4 {[%clk 0:09:50]}  Bh3 {[%clk 0:01:36]} 33. Rf2 {[%clk 0:09:50]}  c5 {[%clk 0:01:43]} 34. d5 {[%clk 0:05:35]}  b5 {[%clk 0:02:12]} 35. Qe2 {[%clk 0:05:23]}  c4 {[%clk 0:02:01]} 36. Be3 {[%clk 0:05:42]}  Bg4 {[%clk 0:01:54]} 37. Qf1 {[%clk 0:02:47]}  Rxf2 {[%clk 0:01:52]} 38. Qxf2 {[%clk 0:03:16]}  Bxe3 {[%clk 0:01:49]} 39. Qxe3 {[%clk 0:03:42]}  Rf8 {[%clk 0:02:14]} 40. Qg3 {[%clk 0:03:20]}  Bf3+ {[%clk 0:01:50]} 41. Kg1 {[%clk 0:03:49]}  Qa7+ {[%clk 0:01:55]} 42. Qf2 {[%clk 0:03:03]}  Qxf2+ {[%clk 0:02:19]} 43. Kxf2 {[%clk 0:03:32]}  Bxe4+ {[%clk 0:02:47]} 44. Ke3 {[%clk 0:03:31]}  Bxc2 {[%clk 0:29:21]} 45. Kd4 {[%clk 0:34:00]}  Rf2 {[%clk 0:27:13]} 46. d6 {[%clk 0:34:25]}  Rxh2 {[%clk 0:22:31]} 47. Rf1 {[%clk 0:34:23]}  Rd2+ {[%clk 0:19:03]} 48. Ke5 {[%clk 0:34:03]}  Kg8 {[%clk 0:17:38]} 49. Ke6 {[%clk 0:33:17]}  g6 {[%clk 0:16:06]} 50. b3 {[%clk 0:32:50]}  cxb3 {[%clk 0:11:19]} 51. axb3 {[%clk 0:33:18]}  Bxb3+ {[%clk 0:10:45]} 52. Ke7 {[%clk 0:33:45]}  Re2+ {[%clk 0:11:04]} 53. Kd8 {[%clk 0:33:47]}  Be6 {[%clk 0:11:10]} 54. Ra1 {[%clk 0:34:15]}  h5 {[%clk 0:10:54]} 55. Rxa6 {[%clk 0:34:28]}  Bf5 {[%clk 0:09:16]} 56. Ra5 {[%clk 0:33:56]}  h4 {[%clk 0:09:19]} 57. Rxb5 {[%clk 0:34:23]}  h3 {[%clk 0:09:43]} 58. Rb4 {[%clk 0:33:08]}  g5 {[%clk 0:09:36]} 59. Rb5 {[%clk 0:33:37]}  h2 {[%clk 0:09:30]} 60. Rxf5 {[%clk 0:34:04]}  h1=Q {[%clk 0:09:52]} 61. Rxg5 {[%clk 0:34:32]}  Kf7 {[%clk 0:09:11]} 62. Kc7 {[%clk 0:35:01]}  Qa1 {[%clk 0:07:49]} 63. Rc5 {[%clk 0:35:28]}  Qa7+ {[%clk 0:08:03]} 64. Kc6 {[%clk 0:35:57]}  Ke6 {[%clk 0:08:06]} 0-1

[Event "45th FIDE Chess Olympiad Open"]
[Site "Budapest, Hungary"]
[Date "2024.09.21"]
[Round "10"]
[White "Mwali, Chitumbo"]
[Black "Barbaria, Yacine"]
[Result "0-1"]
[Board "177"]
[WhiteFideId "8700265"]
[BlackFideId "5501245"]
[WhiteTitle "IM"]
[WhiteElo "2312"]
[BlackElo "2179"]
[WhiteTeam "Zambia"]
[BlackTeam "Tunisia"]
[WhiteClock "0:03:27"]
[BlackClock "0:11:36"]
[Variant "Standard"]

1. c4 {[%clk 1:30:58]}  c6 {[%clk 1:30:54]} 2. g3 {[%clk 1:30:32]}  d5 {[%clk 1:31:20]} 3. Nf3 {[%clk 1:30:34]}  Nf6 {[%clk 1:31:39]} 4. Bg2 {[%clk 1:29:59]}  Bf5 {[%clk 1:32:03]} 5. cxd5 {[%clk 1:18:38]}  cxd5 {[%clk 1:32:10]} 6. Ne5 {[%clk 1:16:19]}  Nbd7 {[%clk 1:28:29]} 7. d4 {[%clk 1:15:27]}  e6 {[%clk 1:26:03]} 8. O-O {[%clk 1:13:26]}  Bd6 {[%clk 1:20:20]} 9. Bf4 {[%clk 1:12:42]}  Bxe5 {[%clk 1:15:49]} 10. dxe5 {[%clk 1:12:33]}  Ne4 {[%clk 1:15:01]} 11. Nd2 {[%clk 1:11:03]}  Nxd2 {[%clk 1:10:16]} 12. Qxd2 {[%clk 1:11:22]}  O-O {[%clk 1:10:31]} 13. Rac1 {[%clk 1:11:25]}  Nb6 {[%clk 1:02:10]} 14. b3 {[%clk 1:11:37]}  Qd7 {[%clk 0:56:55]} 15. a4 {[%clk 1:11:15]}  Bg6 {[%clk 0:52:14]} 16. Be3 {[%clk 1:08:30]}  Nc8 {[%clk 0:49:00]} 17. g4 {[%clk 0:43:24]}  Ne7 {[%clk 0:44:10]} 18. Bc5 {[%clk 0:42:54]}  Rfd8 {[%clk 0:42:58]} 19. Qg5 {[%clk 0:40:40]}  Nc6 {[%clk 0:41:02]} 20. h4 {[%clk 0:37:29]}  h6 {[%clk 0:39:43]} 21. Qf4 {[%clk 0:37:46]}  b6 {[%clk 0:33:39]} 22. Bd6 {[%clk 0:36:49]}  f6 {[%clk 0:32:35]} 23. Bh3 {[%clk 0:13:57]}  Rac8 {[%clk 0:30:32]} 24. Qe3 {[%clk 0:12:22]}  d4 {[%clk 0:24:54]} 25. Qg3 {[%clk 0:12:22]}  fxe5 {[%clk 0:25:12]} 26. Bxe5 {[%clk 0:12:23]}  Qd5 {[%clk 0:25:28]} 27. Bf4 {[%clk 0:11:56]}  d3 {[%clk 0:22:22]} 28. exd3 {[%clk 0:05:54]}  Nd4 {[%clk 0:20:48]} 29. Qe3 {[%clk 0:05:50]}  Rxc1 {[%clk 0:18:14]} 30. Rxc1 {[%clk 0:06:04]}  Nf3+ {[%clk 0:17:56]} 31. Kh1 {[%clk 0:05:55]}  Nxh4+ {[%clk 0:16:07]} 32. Kh2 {[%clk 0:06:10]}  e5 {[%clk 0:16:12]} 33. Bg3 {[%clk 0:04:55]}  Nf3+ {[%clk 0:16:19]} 34. Kh1 {[%clk 0:05:15]}  Bxd3 {[%clk 0:11:52]} 35. Bg2 {[%clk 0:04:40]}  Be4 {[%clk 0:12:15]} 36. Bxe5 {[%clk 0:01:26]}  Qd1+ {[%clk 0:08:45]} 37. Rxd1 {[%clk 0:01:12]}  Rxd1+ {[%clk 0:09:10]} 38. Bf1 {[%clk 0:01:38]}  Rxf1+ {[%clk 0:09:35]} 39. Kg2 {[%clk 0:02:07]}  Rg1+ {[%clk 0:09:58]} 40. Kh3 {[%clk 0:02:08]}  Ng5+ {[%clk 0:09:50]} 41. Kh4 {[%clk 0:02:17]}  Rh1+ {[%clk 0:10:07]} 42. Kg3 {[%clk 0:02:35]}  Rh3+ {[%clk 0:10:35]} 43. Kf4 {[%clk 0:02:43]}  Rxe3 {[%clk 0:10:58]} 44. Kxe3 {[%clk 0:02:59]}  Bc2 {[%clk 0:11:23]} 45. Bb8 {[%clk 0:03:16]}  Bxb3 {[%clk 0:11:21]} 46. Bxa7 {[%clk 0:03:39]}  Bxa4 {[%clk 0:11:47]} 47. Bxb6 {[%clk 0:04:00]}  Bd1 {[%clk 0:12:12]} 48. Kf4 {[%clk 0:04:02]}  Kf7 {[%clk 0:12:33]} 49. Kf5 {[%clk 0:03:44]}  Ne6 {[%clk 0:12:45]} 50. Be3 {[%clk 0:03:44]}  Bf3 {[%clk 0:11:12]} 51. Bd2 {[%clk 0:03:42]}  g5 {[%clk 0:11:03]} 52. Be3 {[%clk 0:02:46]}  Ng7+ {[%clk 0:11:24]} 53. Ke5 {[%clk 0:03:08]}  Kg6 {[%clk 0:10:55]} 54. Bc5 {[%clk 0:03:13]}  Ne8 {[%clk 0:10:32]} 55. Be7 {[%clk 0:03:27]}  Nc7 {[%clk 0:10:14]} 56. Bd6 {[%clk 0:03:41]}  Nd5 {[%clk 0:10:13]} 57. Kd4 {[%clk 0:03:48]}  Nf4 {[%clk 0:10:17]} 58. Ke3 {[%clk 0:03:56]}  Bxg4 {[%clk 0:10:39]} 59. Bxf4 {[%clk 0:03:32]}  gxf4+ {[%clk 0:11:04]} 60. Kxf4 {[%clk 0:03:58]}  Bd7 {[%clk 0:11:26]} 61. f3 {[%clk 0:04:12]}  h5 {[%clk 0:11:04]} 62. Kg3 {[%clk 0:04:30]}  Kg5 {[%clk 0:11:25]} 63. f4+ {[%clk 0:03:27]}  Kf5 {[%clk 0:11:36]} 0-1